00656 2200217 4500001002100000005001700021008004100038020002200079035002400101040001200125082001600137084002200153100001900175245011800194250001100312260003400323300002700357650002000384850001200404990002200416INLIS00000000002520020170201084428.0  a978-602-371-383-0 0010-021700000000014 aYOPDYOG 223a899.221 aDEP 899.221 Suk S aSUKRON SUGANDI aSebelas petangb: memoar di tanah Jakarta, sebuah era tanpa handphone, gadget, apalagi internetc/ Sukron Sugandi aCet. 1 aYogyakartabLeutikaprioc2016 avi, 235 hlm.c; 19 cm. aFiksi Indonesia aYOPDYOG aCB-D.11/2016-1066